书目信息 |
| 题名: |
女王与苏丹
|
|
| 作者: | 布罗顿 著 ;张珉璐 译 | |
| 分册: | ||
| 出版信息: | 北京 民主与建设出版社 2019.08 |
|
| 页数: | 396页, [18] 页图版 | |
| 开本: | 22cm | |
| 丛书名: | ||
| 单 册: | ||
| 中图分类: | K561.33 | |
| 科图分类: | ||
| 主题词: | ||
| 电子资源: | ||
| ISBN: | 978-7-5139-2515-0 | |
| 000 | 01472nam0 2200277 450 | |
| 001 | 011025152728 | |
| 005 | 20221025152728.0 | |
| 010 | @a978-7-5139-2515-0@b精装@dCNY80.00 | |
| 099 | @aCAL 012019132357 | |
| 100 | @a20201004d2019 em y0chiy0120 ea | |
| 101 | 1 | @achi@ceng |
| 102 | @aCN@b110000 | |
| 105 | @aabf z 000yy | |
| 106 | @ar | |
| 200 | 1 | @a女王与苏丹@Anv wang yu su dan@e伊丽莎白时期的英国与伊斯兰世界@f(英) 杰里·布罗顿著@d= This Orient Isle@eElizabethan England and the Islamic world@fJerry Brotton@g张珉璐译@zeng |
| 210 | @a北京@c民主与建设出版社@d2019.08 | |
| 215 | @a396页, [18] 页图版@c图 (部分彩图), 地图@d22cm | |
| 330 | @a1570年,英格兰女王伊丽莎白一世被教皇逐出教会。为了摆脱被大陆天主教国家包围的境地,英格兰与在地中海和天主教西班牙作战的伊斯兰势力开启了一段联盟的时期,并且与伊斯兰世界在文化、经济和政治上有了深度的交流。这是一段非凡的时期,英格兰与奥斯曼高门签订了条约,接受了摩洛哥国王派来的大使,并向马拉喀什运送军火。到16世纪80年代末,从摩洛哥到波斯,成百上千的商人、外交官、海员、工匠和私掠船长定期往来于其间。 | |
| 333 | @a历史爱好者 | |
| 500 | 10 | @aThis Orient Isle : Elizabethan England and the Islamic world@mChinese |
| 517 | 1 | @a伊丽莎白时期的英国与伊斯兰世界@Ayi li sha bai shi qi de ying guo yu yi si lan shi jie |
| 607 | @a英国@Aying guo@x中世纪史@j通俗读物 | |
| 690 | @aK561.33@v5 | |
| 701 | 1 | @a布罗顿@Abu luo dun@g(Brotton, Jerry)@4著 |
| 702 | 0 | @a张珉璐@Azhang min lu@4译 |
| 905 | @a河南城建学院图书馆@dK561.33@eJ702 | |
| 女王与苏丹:伊丽莎白时期的英国与伊斯兰世界/(英) 杰里·布罗顿著= This Orient Isle:Elizabethan England and the Islamic world/Jerry Brotton/张珉璐译.-北京:民主与建设出版社,2019.08 |
| 396页, [18] 页图版:图 (部分彩图), 地图;22cm |
| 使用对象:历史爱好者 |
| ISBN 978-7-5139-2515-0(精装):CNY80.00 |
| 1570年,英格兰女王伊丽莎白一世被教皇逐出教会。为了摆脱被大陆天主教国家包围的境地,英格兰与在地中海和天主教西班牙作战的伊斯兰势力开启了一段联盟的时期,并且与伊斯兰世界在文化、经济和政治上有了深度的交流。这是一段非凡的时期,英格兰与奥斯曼高门签订了条约,接受了摩洛哥国王派来的大使,并向马拉喀什运送军火。到16世纪80年代末,从摩洛哥到波斯,成百上千的商人、外交官、海员、工匠和私掠船长定期往来于其间。 |
| ● |
| 相关链接 |
|
|
|
正题名:女王与苏丹
索取号:K561.33/J702
 
预约/预借
| 序号 | 登录号 | 条形码 | 馆藏地/架位号 | 状态 | 备注 |
| 1 | 1585486 | 215854868 | 社科库309/309社科库 40排7列4层/ [索取号:K561.33/J702] | 在馆 | |
| 2 | 1585487 | 215854877 | 社科库309/309社科库 40排7列4层/ [索取号:K561.33/J702] | 在馆 |